[Event "v4camp2016"]
[Site "?"]
[Date "2016.06.23"]
[Round "4.1"]
[White "Molenda, Marcin"]
[Black "Bubnov, Kirill"]
[Result "1-0"]
[BlackElo "2163"]
[WhiteElo "2235"]
[LiveChessVersion "1.4.8"]

1. d4 {[%clk 1:30:47]} Nf6 {[%clk 1:30:51]} 2. Nf3 {[%clk 1:31:02]} g6
{[%clk 1:30:49]} 3. c4 {[%clk 1:31:25]} Bg7 {[%clk 1:30:59]} 4. g3
{[%clk 1:31:47]} d5 {[%clk 1:30:55]} 5. Bg2 {[%clk 1:32:02]} O-O {[%clk 1:31:19]}
6. O-O {[%clk 1:32:25]} c6 {[%clk 1:31:30]} 7. cxd5 {[%clk 1:32:19]} cxd5
{[%clk 1:30:37]} 8. Nc3 {[%clk 1:32:45]} Nc6 {[%clk 1:30:55]} 9. Ne5
{[%clk 1:33:10]} Bf5 {[%clk 1:13:30]} 10. Nxc6 {[%clk 1:33:01]} bxc6
{[%clk 1:13:38]} 11. Bf4 {[%clk 1:33:26]} Ne4 {[%clk 1:12:50]} 12. Nxe4
{[%clk 1:29:40]} Bxe4 {[%clk 1:12:57]} 13. Bxe4 {[%clk 1:29:37]} dxe4
{[%clk 1:13:23]} 14. Be3 {[%clk 1:28:39]} Qd5 {[%clk 1:10:13]} 15. Qa4
{[%clk 1:28:33]} e5 {[%clk 1:05:46]} 16. dxe5 {[%clk 1:27:15]} Qxe5
{[%clk 1:05:46]} 17. Rab1 {[%clk 1:26:48]} Qb5 {[%clk 0:49:04]} 18. Qxe4
{[%clk 1:25:32]} Qxe2 {[%clk 0:48:32]} 19. Rfc1 {[%clk 1:23:17]} Qa6
{[%clk 0:46:23]} 20. Qc4 {[%clk 1:20:56]} Qa5 {[%clk 0:44:01]} 21. Rc2
{[%clk 1:08:51]} Qf5 {[%clk 0:39:36]} 22. Rbc1 {[%clk 1:08:51]} Qd5
{[%clk 0:26:59]} 23. b3 {[%clk 1:09:08]} Qh5 {[%clk 0:20:19]} 24. Qxc6
{[%clk 1:08:09]} a5 {[%clk 0:19:33]} 25. Kg2 {[%clk 1:02:39]} Qg4
{[%clk 0:17:38]} 26. Qf3 {[%clk 1:02:54]} Qxf3+ {[%clk 0:16:40]} 27. Kxf3
{[%clk 1:03:09]} f5 {[%clk 0:17:02]} 28. Rc7 {[%clk 1:03:13]} f4 {[%clk 0:16:04]}
29. gxf4 {[%clk 1:03:31]} g5 {[%clk 0:16:26]} 30. Rg1 {[%clk 1:03:43]} h6
{[%clk 0:16:15]} 31. Ke2 {[%clk 1:02:55]} Rae8 {[%clk 0:09:32]} 32. fxg5
{[%clk 1:03:03]} Bd4 {[%clk 0:09:42]} 33. gxh6+ {[%clk 1:03:10]} Kh8
{[%clk 0:10:07]} 34. Rg4 {[%clk 0:59:48]} Bb6 {[%clk 0:07:43]} 35. Rb7
{[%clk 0:59:04]} Rf6 {[%clk 0:07:53]} 36. h7 {[%clk 0:58:32]} Bxe3
{[%clk 0:07:36]} 37. Rg8+ {[%clk 0:58:42]} Rxg8 {[%clk 0:08:00]} 38. hxg8=Q+
{[%clk 0:59:07]} Kxg8 {[%clk 0:08:22]} 39. Kxe3 {[%clk 0:59:21]} Rh6
{[%clk 0:08:29]} 40. Ra7 {[%clk 0:59:46]} Rxh2 {[%clk 0:08:54]} 41. Rxa5
{[%clk 1:00:12]} Kf7 {[%clk 0:09:17]} 42. Ra6 {[%clk 1:00:26]} 1-0

[Event "v4camp2016"]
[Site "?"]
[Date "2016.06.23"]
[Round "4.2"]
[White "Skafar, Darya"]
[Black "Drozniak, Stanislaw"]
[Result "1/2-1/2"]
[BlackElo "2179"]
[WhiteElo "2050"]
[LiveChessVersion "1.4.8"]

1. e4 {[%clk 1:30:30]} c5 {[%clk 1:30:51]} 2. Nf3 {[%clk 1:30:45]} d6
{[%clk 1:31:10]} 3. d4 {[%clk 1:30:55]} Nf6 {[%clk 1:31:33]} 4. Nc3
{[%clk 1:14:36]} cxd4 {[%clk 1:31:54]} 5. Nxd4 {[%clk 1:15:03]} g6
{[%clk 1:31:51]} 6. Be2 {[%clk 1:12:21]} Bg7 {[%clk 1:32:10]} 7. Be3
{[%clk 1:10:16]} O-O {[%clk 1:32:26]} 8. Nb3 {[%clk 1:04:16]} Nc6
{[%clk 1:30:37]} 9. O-O {[%clk 1:01:43]} Be6 {[%clk 1:29:26]} 10. f4
{[%clk 0:53:35]} Na5 {[%clk 1:27:24]} 11. Nxa5 {[%clk 0:39:53]} Qxa5
{[%clk 1:27:43]} 12. Bf3 {[%clk 0:35:45]} Nd7 {[%clk 1:26:17]} 13. Bd4
{[%clk 0:30:15]} Bxd4+ {[%clk 1:24:33]} 14. Qxd4 {[%clk 0:30:40]} Qb6
{[%clk 1:24:18]} 15. Qxb6 {[%clk 0:29:09]} Nxb6 {[%clk 1:24:32]} 16. Nd5
{[%clk 0:24:17]} Bxd5 {[%clk 1:23:11]} 17. exd5 {[%clk 0:23:11]} Rfc8
{[%clk 1:23:25]} 18. c3 {[%clk 0:22:10]} Rc5 {[%clk 1:22:44]} 19. Rad1
{[%clk 0:19:32]} a5 {[%clk 1:22:07]} 20. Rfe1 {[%clk 0:17:38]} Kf8
{[%clk 1:19:56]} 21. Rd4 {[%clk 0:15:41]} a4 {[%clk 1:18:41]} 22. a3
{[%clk 0:15:13]} Raa5 {[%clk 1:17:57]} 23. Rb4 {[%clk 0:07:55]} Rab5
{[%clk 1:10:09]} 24. Rd1 {[%clk 0:01:48]} Rxb4 {[%clk 1:10:12]} 25. axb4
{[%clk 0:01:51]} Rc4 {[%clk 1:10:06]} 26. g3 {[%clk 0:01:08]} a3 {[%clk 1:10:09]}
27. Be2 {[%clk 0:00:46]} Rc8 {[%clk 1:10:23]} 28. bxa3 {[%clk 0:00:58]} Rxc3
{[%clk 1:10:48]} 29. Rd3 {[%clk 0:00:37]} Rc2 {[%clk 0:58:17]} 30. Kf2
{[%clk 0:00:41]} Ra2 {[%clk 0:58:32]} 31. Ke1 {[%clk 0:00:37]} f5
{[%clk 0:57:27]} 32. Rc3 {[%clk 0:00:35]} Nxd5 {[%clk 0:57:20]} 33. Rc8+
{[%clk 0:00:59]} Kg7 {[%clk 0:57:34]} 34. Bf3 {[%clk 0:00:51]} Nb6
{[%clk 0:56:21]} 35. Rc7 {[%clk 0:01:10]} Kf6 {[%clk 0:55:51]} 36. Rxb7
{[%clk 0:01:23]} Rxa3 {[%clk 0:56:13]} 37. Bc6 {[%clk 0:00:35]} Nc4
{[%clk 0:56:20]} 38. Rb8 {[%clk 0:00:34]} e5 {[%clk 0:54:12]} 39. Bd5
{[%clk 0:00:37]} Ne3 {[%clk 0:54:10]} 40. fxe5+ {[%clk 0:00:50]} Kxe5
{[%clk 0:53:46]} 41. Bc6 {[%clk 0:00:45]} Rb3 {[%clk 0:53:25]} 42. b5
{[%clk 0:00:47]} Nc4 {[%clk 0:52:01]} 43. Rh8 {[%clk 0:00:36]} Na3
{[%clk 0:51:56]} 44. Rb8 {[%clk 0:00:36]} Nc4 {[%clk 0:51:26]} 45. Rh8
{[%clk 0:01:00]} h5 {[%clk 0:49:43]} 46. Be8 {[%clk 0:00:38]} d5 {[%clk 0:49:15]}
47. Bxg6 {[%clk 0:00:50]} Rxb5 {[%clk 0:49:33]} 48. Rxh5 {[%clk 0:01:02]} Ne3
{[%clk 0:48:58]} 49. Bxf5 {[%clk 0:01:01]} Nxf5 {[%clk 0:48:53]} 50. g4
{[%clk 0:01:26]} Kf4 {[%clk 0:49:14]} 1/2-1/2

[Event "v4camp2016"]
[Site "?"]
[Date "2016.06.23"]
[Round "4.3"]
[White "Galuszka, Tomasz"]
[Black "Zakharikov, Ivan"]
[Result "1/2-1/2"]
[BlackElo "1982"]
[WhiteElo "1714"]
[LiveChessVersion "1.4.8"]

1. e4 {[%clk 1:30:58]} e5 {[%clk 1:30:54]} 2. Nf3 {[%clk 1:31:23]} Nc6
{[%clk 1:31:20]} 3. Bb5 {[%clk 1:31:47]} a6 {[%clk 1:31:45]} 4. Bxc6
{[%clk 1:32:09]} dxc6 {[%clk 1:32:10]} 5. d3 {[%clk 1:32:32]} f6 {[%clk 1:30:45]}
6. Be3 {[%clk 1:32:34]} Bg4 {[%clk 1:30:10]} 7. h3 {[%clk 1:32:53]} Bh5
{[%clk 1:26:31]} 8. Nbd2 {[%clk 1:33:01]} Qd7 {[%clk 1:10:12]} 9. Nf1
{[%clk 1:30:23]} O-O-O {[%clk 1:07:54]} 10. Ng3 {[%clk 1:30:34]} Bxf3
{[%clk 1:02:50]} 11. gxf3 c5 {[%clk 0:57:36]} 12. Qd2 {[%clk 1:22:53]} Qb5
{[%clk 0:55:34]} 13. O-O-O {[%clk 1:19:25]} Ne7 {[%clk 0:50:26]} 14. Qc3
{[%clk 1:17:35]} Nc6 {[%clk 0:46:21]} 15. h4 {[%clk 1:16:06]} h5 {[%clk 0:44:26]}
16. Qb3 {[%clk 1:15:43]} Qxb3 {[%clk 0:42:24]} 17. axb3 {[%clk 1:16:11]} Nd4
{[%clk 0:42:15]} 18. Bxd4 {[%clk 1:16:37]} cxd4 {[%clk 0:42:31]} 19. Rdg1
{[%clk 1:16:20]} g6 {[%clk 0:42:02]} 20. Ne2 {[%clk 1:16:22]} Bh6+
{[%clk 0:41:32]} 21. Kd1 {[%clk 1:16:14]} Rhg8 {[%clk 0:38:48]} 22. Ng3
{[%clk 1:15:44]} Kd7 {[%clk 0:31:29]} 23. Rg2 {[%clk 1:15:19]} Ke6
{[%clk 0:31:32]} 24. Rhg1 {[%clk 1:15:40]} Kf7 {[%clk 0:31:49]} 25. Ke2
{[%clk 1:15:45]} c5 {[%clk 0:31:00]} 26. Ra1 {[%clk 1:15:41]} Rc8
{[%clk 0:29:49]} 27. Rgg1 {[%clk 1:15:29]} Rc6 {[%clk 0:29:15]} 28. Ra5
{[%clk 1:15:19]} Bf4 {[%clk 0:28:41]} 29. Rh1 {[%clk 1:13:25]} Rcc8
{[%clk 0:27:13]} 30. Raa1 {[%clk 1:13:42]} Rg7 {[%clk 0:26:24]} 31. Rag1
{[%clk 1:12:29]} Rc6 {[%clk 0:25:32]} 32. Ra1 {[%clk 1:12:53]} Rc8
{[%clk 0:25:31]} 33. Rag1 {[%clk 1:13:15]} Rh8 {[%clk 0:25:07]} 34. Rg2
{[%clk 1:12:12]} Rc8 {[%clk 0:21:19]} 35. Rgg1 {[%clk 1:12:30]} Rh8
{[%clk 0:17:52]} 36. Rg2 {[%clk 1:12:05]} Bxg3 {[%clk 0:13:41]} 37. fxg3
{[%clk 1:12:18]} g5 {[%clk 0:13:24]} 38. g4 {[%clk 1:06:26]} hxg4
{[%clk 0:12:42]} 39. Rxg4 {[%clk 1:06:44]} Rgh7 {[%clk 0:12:45]} 40. Ra1
{[%clk 1:03:25]} Rxh4 {[%clk 0:11:52]} 41. Rxh4 {[%clk 1:03:50]} gxh4
{[%clk 0:12:03]} 42. Kf2 {[%clk 1:04:12]} Ke6 {[%clk 0:10:43]} 43. Rg1
{[%clk 1:03:30]} Kf7 {[%clk 0:04:39]} 44. Rg4 {[%clk 0:56:34]} f5
{[%clk 0:04:05]} 45. Rg5 {[%clk 0:52:52]} fxe4 {[%clk 0:04:26]} 46. fxe4
{[%clk 0:53:11]} Kf6 {[%clk 0:04:20]} 47. Rf5+ {[%clk 0:53:32]} Ke6
{[%clk 0:03:45]} 48. Kg2 {[%clk 0:53:04]} Rg8+ {[%clk 0:02:51]} 49. Kh2
{[%clk 0:52:02]} Rg4 {[%clk 0:02:17]} 50. Rh5 {[%clk 0:46:39]} Rf4
{[%clk 0:01:58]} 51. Kg2 {[%clk 0:46:38]} Kf6 {[%clk 0:01:11]} 52. Rh7
{[%clk 0:46:23]} Rg4+ {[%clk 0:01:10]} 53. Kh2 {[%clk 0:46:34]} Rf4
{[%clk 0:01:22]} 54. Kg2 {[%clk 0:46:56]} Rg4+ {[%clk 0:01:48]} 55. Kh2
{[%clk 0:47:20]} Rf4 {[%clk 0:01:46]} 56. Kg2 {[%clk 0:47:42]} Rg4+
{[%clk 0:01:37]} 57. Kh2 {[%clk 0:47:23]} Rg7 {[%clk 0:01:45]} 58. Rxg7
{[%clk 0:46:43]} Kxg7 {[%clk 0:02:10]} 59. Kh3 {[%clk 0:47:08]} Kg6
{[%clk 0:01:50]} 60. Kxh4 {[%clk 0:47:36]} Kh6 {[%clk 0:02:09]} 61. Kg4
{[%clk 0:47:58]} 1/2-1/2

[Event "v4camp2016"]
[Site "?"]
[Date "2016.06.23"]
[Round "4.4"]
[White "Khlopushin, Dmitriy"]
[Black "Kordela, Monika"]
[Result "1/2-1/2"]
[BlackElo "1724"]
[WhiteElo "1697"]
[LiveChessVersion "1.4.8"]

1. e4 {[%clk 1:30:57]} Nc6 {[%clk 1:30:49]} 2. d4 {[%clk 1:31:15]} d5
{[%clk 1:31:07]} 3. exd5 {[%clk 1:31:07]} Qxd5 {[%clk 1:31:30]} 4. Nf3
{[%clk 1:31:18]} e5 {[%clk 1:31:10]} 5. c4 {[%clk 1:29:21]} Qe4+ {[%clk 1:23:48]}
6. Be3 {[%clk 1:29:34]} Nxd4 {[%clk 1:15:08]} 7. Nxd4 {[%clk 1:24:43]} exd4
{[%clk 1:14:54]} 8. Qxd4 {[%clk 1:24:15]} Qxd4 {[%clk 1:13:32]} 9. Bxd4
{[%clk 1:24:39]} Bf5 {[%clk 1:12:49]} 10. Be2 {[%clk 1:23:09]} O-O-O
{[%clk 1:10:05]} 11. Bc3 {[%clk 1:22:27]} Re8 {[%clk 1:07:18]} 12. Bd4
{[%clk 1:20:35]} Bd3 {[%clk 1:04:40]} 13. Be3 {[%clk 1:20:58]} Bxe2
{[%clk 1:04:43]} 14. Kxe2 {[%clk 1:21:23]} Bc5 {[%clk 1:04:55]} 15. Re1
{[%clk 1:21:09]} Bxe3 {[%clk 1:04:11]} 16. fxe3 {[%clk 1:21:33]} Nf6
{[%clk 1:04:04]} 17. Nc3 {[%clk 1:21:38]} Re5 {[%clk 1:02:10]} 18. h3
{[%clk 1:18:41]} Rhe8 {[%clk 0:59:46]} 19. Kf3 {[%clk 1:16:56]} Rf5+
{[%clk 0:56:40]} 20. Kg3 {[%clk 1:16:43]} Rfe5 {[%clk 0:55:15]} 21. Kf3
{[%clk 1:14:37]} Rf5+ {[%clk 0:53:40]} 22. Kg3 {[%clk 1:13:55]} Rfe5
{[%clk 0:52:16]} 23. Kf2 {[%clk 1:08:50]} Rf5+ {[%clk 0:51:45]} 24. Kg3
{[%clk 1:05:45]} Rfe5 {[%clk 0:51:55]} 1/2-1/2

[Event "v4camp2016"]
[Site "?"]
[Date "2016.06.23"]
[Round "4.5"]
[White "Krzeminski, Sebastian"]
[Black "Buco, Martin"]
[Result "1/2-1/2"]
[BlackElo "1689"]
[WhiteElo "1832"]
[LiveChessVersion "1.4.8"]

1. d4 {[%clk 1:29:58]} e6 {[%clk 1:30:53]} 2. c4 {[%clk 1:30:11]} Nf6
{[%clk 1:30:39]} 3. Nc3 {[%clk 1:29:38]} Bb4 {[%clk 1:31:06]} 4. a3
{[%clk 1:29:52]} Bxc3+ {[%clk 1:31:34]} 5. bxc3 {[%clk 1:30:20]} d6
{[%clk 1:31:41]} 6. Bg5 {[%clk 1:26:59]} Nbd7 {[%clk 1:32:03]} 7. Qc2
{[%clk 1:25:52]} O-O {[%clk 1:31:55]} 8. e4 {[%clk 1:24:59]} e5 {[%clk 1:31:56]}
9. Bd3 {[%clk 1:23:55]} h6 {[%clk 1:22:42]} 10. Bh4 {[%clk 1:24:03]} Re8
{[%clk 1:09:38]} 11. Ne2 {[%clk 1:24:16]} Nf8 {[%clk 1:09:26]} 12. O-O
{[%clk 1:23:52]} g5 {[%clk 1:09:54]} 13. Bg3 {[%clk 1:23:52]} Ng6
{[%clk 1:10:22]} 14. Rad1 {[%clk 1:20:33]} Qe7 {[%clk 0:54:27]} 15. f3
{[%clk 1:16:16]} Kg7 {[%clk 0:50:07]} 16. dxe5 {[%clk 1:05:54]} dxe5
{[%clk 0:50:12]} 17. Qb3 {[%clk 1:03:34]} b6 {[%clk 0:48:54]} 18. a4
{[%clk 1:03:09]} Be6 {[%clk 0:46:43]} 19. a5 {[%clk 0:57:35]} Nd7
{[%clk 0:37:52]} 20. Qb5 {[%clk 0:46:39]} h5 {[%clk 0:30:20]} 21. Bf2
{[%clk 0:45:15]} Nf4 {[%clk 0:21:21]} 22. axb6 {[%clk 0:42:07]} axb6
{[%clk 0:21:34]} 23. Nxf4 {[%clk 0:39:27]} gxf4 {[%clk 0:21:27]} 24. Ra1
{[%clk 0:36:41]} Qg5 {[%clk 0:16:19]} 25. Kh1 {[%clk 0:35:40]} Kh7
{[%clk 0:16:07]} 26. Rxa8 {[%clk 0:32:03]} Rxa8 {[%clk 0:16:29]} 27. Qb2
{[%clk 0:28:09]} Rg8 {[%clk 0:14:25]} 28. Rg1 {[%clk 0:26:54]} h4
{[%clk 0:14:07]} 29. Qe2 {[%clk 0:26:43]} Nf6 {[%clk 0:13:19]} 30. Qe1
{[%clk 0:20:44]} Nh5 {[%clk 0:13:22]} 31. Bxh4 {[%clk 0:18:58]} Qh6
{[%clk 0:11:24]} 32. g4 {[%clk 0:12:49]} fxg3 {[%clk 0:11:35]} 33. Bxg3
{[%clk 0:13:13]} Rxg3 {[%clk 0:10:41]} 34. Rxg3 {[%clk 0:13:28]} Nxg3+
{[%clk 0:11:08]} 35. Qxg3 {[%clk 0:13:56]} Qc1+ {[%clk 0:11:15]} 36. Qg1
{[%clk 0:14:09]} Qxc3 {[%clk 0:10:43]} 37. Qf1 {[%clk 0:14:18]} Kh6
{[%clk 0:07:55]} 38. f4 {[%clk 0:11:07]} f6 {[%clk 0:04:28]} 39. f5
{[%clk 0:09:56]} Bf7 {[%clk 0:04:43]} 40. Qh3+ {[%clk 0:09:58]} Bh5
{[%clk 0:04:05]} 41. Qe3+ {[%clk 0:08:47]} Kh7 {[%clk 0:03:42]} 42. Kg2
{[%clk 0:07:22]} Bd1 {[%clk 0:03:18]} 1/2-1/2

[Event "v4camp2016"]
[Site "?"]
[Date "2016.06.23"]
[Round "4.6"]
[White "Poliakova, Emma"]
[Black "Urbanski, Wojciech"]
[Result "1/2-1/2"]
[BlackElo "1636"]
[WhiteElo "1826"]
[LiveChessVersion "1.4.8"]

1. e4 {[%clk 1:30:44]} d5 {[%clk 1:30:30]} 2. exd5 {[%clk 1:30:55]} Qxd5
{[%clk 1:30:56]} 3. Nc3 {[%clk 1:31:16]} Qa5 {[%clk 1:31:22]} 4. Rb1
{[%clk 1:30:58]} c6 {[%clk 1:30:22]} 5. g3 {[%clk 1:27:16]} Nf6 {[%clk 1:28:46]}
6. Bg2 {[%clk 1:23:55]} Bg4 {[%clk 1:25:40]} 7. Nge2 {[%clk 1:21:08]} e6
{[%clk 1:24:55]} 8. h3 {[%clk 1:15:50]} Bh5 {[%clk 1:24:03]} 9. O-O
{[%clk 1:14:14]} Be7 {[%clk 1:21:04]} 10. d3 {[%clk 1:12:52]} O-O
{[%clk 1:17:38]} 11. Bd2 {[%clk 1:10:47]} Nbd7 {[%clk 1:16:37]} 12. Nd5
{[%clk 1:02:44]} Qd8 {[%clk 1:16:14]} 13. Nxe7+ {[%clk 1:02:57]} Qxe7
{[%clk 1:16:43]} 14. Qe1 {[%clk 0:59:36]} Ne5 {[%clk 1:11:55]} 15. f4
{[%clk 0:54:39]} Ned7 {[%clk 1:11:36]} 16. Nc3 {[%clk 0:53:45]} Rfe8
{[%clk 1:11:09]} 17. Qf2 {[%clk 0:52:11]} Rac8 {[%clk 1:08:24]} 18. Rfe1
{[%clk 0:48:30]} Qf8 {[%clk 1:04:59]} 19. Ne4 {[%clk 0:44:17]} Bg6
{[%clk 1:02:55]} 20. b3 {[%clk 0:39:11]} b6 {[%clk 1:00:54]} 21. Bc3
{[%clk 0:36:24]} Nxe4 {[%clk 0:49:00]} 22. dxe4 {[%clk 0:35:09]} f6
{[%clk 0:48:19]} 23. Re2 {[%clk 0:29:38]} e5 {[%clk 0:47:50]} 24. f5
{[%clk 0:26:51]} Bf7 {[%clk 0:47:54]} 25. Rd2 {[%clk 0:26:55]} Nb8
{[%clk 0:46:08]} 26. Bf1 {[%clk 0:26:17]} Red8 {[%clk 0:44:27]} 27. Rbd1
{[%clk 0:25:40]} Qe7 {[%clk 0:42:41]} 28. Bb2 {[%clk 0:21:12]} c5
{[%clk 0:41:33]} 29. g4 {[%clk 0:19:40]} Nc6 {[%clk 0:40:40]} 30. c3
{[%clk 0:19:08]} Rxd2 {[%clk 0:40:06]} 31. Rxd2 {[%clk 0:19:10]} Rd8
{[%clk 0:39:58]} 32. Bb5 {[%clk 0:16:55]} Rxd2 {[%clk 0:38:48]} 1/2-1/2

[Event "v4camp2016"]
[Site "?"]
[Date "2016.06.23"]
[Round "4.7"]
[White "Kulesza, Andrzej"]
[Black "Bielik, Jakub"]
[Result "1-0"]
[BlackElo "1715"]
[WhiteElo "1618"]
[LiveChessVersion "1.4.8"]

1. e4 {[%clk 1:30:57]} e6 {[%clk 1:30:54]} 2. d4 {[%clk 1:31:17]} d5
{[%clk 1:31:18]} 3. Nd2 {[%clk 1:31:18]} Be7 {[%clk 1:31:20]} 4. c3
{[%clk 1:31:00]} Nf6 {[%clk 1:31:36]} 5. e5 {[%clk 1:31:20]} Nfd7
{[%clk 1:32:01]} 6. Bd3 {[%clk 1:31:34]} c5 {[%clk 1:32:21]} 7. Ne2
{[%clk 1:31:02]} Nc6 {[%clk 1:32:27]} 8. Nf3 {[%clk 1:31:12]} a5 {[%clk 1:32:22]}
9. a3 {[%clk 1:30:27]} Rb8 {[%clk 1:22:26]} 10. a4 {[%clk 1:27:38]} cxd4
{[%clk 1:22:07]} 11. cxd4 {[%clk 1:28:01]} Nb4 {[%clk 1:22:06]} 12. Bb5
{[%clk 1:27:03]} O-O {[%clk 1:22:20]} 13. O-O {[%clk 1:26:26]} Nb6
{[%clk 1:21:17]} 14. Nc3 {[%clk 1:23:55]} Bd7 {[%clk 1:19:01]} 15. Be2
{[%clk 1:22:34]} Rc8 {[%clk 1:15:25]} 16. Bd2 {[%clk 1:20:28]} Rc7
{[%clk 1:02:39]} 17. b3 {[%clk 1:17:07]} Qb8 {[%clk 1:00:51]} 18. Bb5
{[%clk 1:15:13]} Rfc8 {[%clk 0:58:49]} 19. Bxd7 {[%clk 1:14:59]} Nxd7
{[%clk 0:59:07]} 20. Nb5 {[%clk 1:15:22]} Rc6 {[%clk 0:55:40]} 21. Ne1
{[%clk 1:09:01]} Nb6 {[%clk 0:46:16]} 22. f4 {[%clk 1:05:07]} Na8
{[%clk 0:39:51]} 23. f5 {[%clk 1:01:29]} exf5 {[%clk 0:37:12]} 24. Rxf5
{[%clk 1:00:44]} Rg6 {[%clk 0:35:34]} 25. Qf3 {[%clk 0:56:58]} Nc2
{[%clk 0:23:36]} 26. Rc1 {[%clk 0:55:51]} Nxe1 {[%clk 0:21:46]} 27. Rxe1
{[%clk 0:55:05]} Rc2 {[%clk 0:20:17]} 28. Re2 {[%clk 0:54:54]} Qe8
{[%clk 0:15:13]} 29. Nd6 {[%clk 0:52:12]} Bxd6 {[%clk 0:10:44]} 30. exd6
{[%clk 0:52:37]} Re6 {[%clk 0:11:04]} 31. d7 {[%clk 0:52:51]} Qxd7
{[%clk 0:08:53]} 32. Rxe6 {[%clk 0:49:11]} Qxe6 {[%clk 0:08:20]} 33. Re5
{[%clk 0:49:05]} Qd7 {[%clk 0:05:25]} 34. Rxd5 {[%clk 0:47:30]} Qe7
{[%clk 0:05:31]} 35. Re5 {[%clk 0:47:52]} Qd7 {[%clk 0:04:08]} 36. Qe4
{[%clk 0:48:05]} Rc8 {[%clk 0:03:33]} 37. Re7 {[%clk 0:46:36]} Qd8
{[%clk 0:03:00]} 38. Bxa5 {[%clk 0:45:57]} b6 {[%clk 0:02:29]} 39. Bb4
{[%clk 0:46:14]} f5 {[%clk 0:01:39]} 40. Qe6+ {[%clk 0:45:45]} Kh8
{[%clk 0:01:32]} 41. Qe5 {[%clk 0:45:33]} Qg8 {[%clk 0:00:58]} 42. d5
{[%clk 0:45:25]} Rc1+ {[%clk 0:00:43]} 43. Kf2 {[%clk 0:45:49]} Rc2+
{[%clk 0:00:56]} 44. Kf3 {[%clk 0:45:53]} Nc7 {[%clk 0:00:37]} 45. d6
{[%clk 0:45:51]} Qa8+ {[%clk 0:01:03]} 46. Ke3 {[%clk 0:45:50]} f4+
{[%clk 0:00:31]} 47. Kd3 {[%clk 0:45:32]} 1-0

[Event "v4camp2016"]
[Site "?"]
[Date "2016.06.23"]
[Round "4.8"]
[White "Hrebicik, David"]
[Black "Waszczuk, Patrycja"]
[Result "0-1"]
[BlackElo "1798"]
[WhiteElo "1721"]
[LiveChessVersion "1.4.8"]

1. d4 {[%clk 1:30:57]} d5 {[%clk 1:30:00]} 2. c4 {[%clk 1:31:24]} c6
{[%clk 1:30:22]} 3. Nc3 {[%clk 1:31:48]} Nf6 {[%clk 1:30:29]} 4. Bf4
{[%clk 1:30:45]} e6 {[%clk 1:29:13]} 5. e3 {[%clk 1:31:04]} Nbd7 {[%clk 1:28:54]}
6. Nf3 {[%clk 1:31:20]} Be7 {[%clk 1:28:43]} 7. Bd3 {[%clk 1:31:41]} h6
{[%clk 1:27:54]} 8. h3 {[%clk 1:29:57]} O-O {[%clk 1:26:00]} 9. cxd5
{[%clk 1:27:31]} exd5 {[%clk 1:25:07]} 10. g4 {[%clk 1:21:45]} Bb4
{[%clk 1:13:32]} 11. Qc2 {[%clk 1:17:43]} Re8 {[%clk 1:10:11]} 12. g5
{[%clk 0:54:57]} hxg5 {[%clk 1:05:47]} 13. Bxg5 {[%clk 0:51:50]} Qa5
{[%clk 1:02:14]} 14. Rg1 {[%clk 0:38:20]} Ne4 {[%clk 0:59:11]} 15. Bxe4
{[%clk 0:37:11]} dxe4 {[%clk 0:59:34]} 16. Bh6 {[%clk 0:33:07]} g6
{[%clk 0:56:37]} 17. O-O-O {[%clk 0:24:19]} Bxc3 {[%clk 0:56:39]} 18. bxc3
{[%clk 0:24:35]} Qh5 {[%clk 0:56:58]} 19. Bf4 {[%clk 0:14:57]} Qxf3
{[%clk 0:55:50]} 20. Qb3 {[%clk 0:11:46]} Kg7 {[%clk 0:55:07]} 21. Rg3
{[%clk 0:07:24]} Qh5 {[%clk 0:54:17]} 22. Rdg1 {[%clk 0:06:23]} b6
{[%clk 0:49:17]} 23. Rg5 {[%clk 0:02:00]} Qxh3 {[%clk 0:46:53]} 24. Qd1
{[%clk 0:00:53]} Ba6 {[%clk 0:46:04]} 25. R1g3 {[%clk 0:00:39]} Qe6
{[%clk 0:46:12]} 26. Qh5 {[%clk 0:00:42]} Rh8 {[%clk 0:46:13]} 27. Qd1
{[%clk 0:00:32]} Qxa2 {[%clk 0:42:54]} 28. Rxg6+ {[%clk 0:00:32]} fxg6
{[%clk 0:43:15]} 29. Rxg6+ {[%clk 0:00:44]} Kf7 {[%clk 0:43:25]} 30. Rg7+
{[%clk 0:00:43]} Kxg7 {[%clk 0:35:51]} 31. Qg4+ {[%clk 0:01:11]} Kf8
{[%clk 0:35:58]} 32. Bd6+ {[%clk 0:01:04]} Ke8 {[%clk 0:35:18]} 33. Qxe4+
{[%clk 0:00:59]} Kd8 {[%clk 0:35:37]} 34. Qxc6 {[%clk 0:00:32]} Rc8
{[%clk 0:35:24]} 35. Be7+ {[%clk 0:00:47]} Kxe7 {[%clk 0:35:18]} 36. Qe4+
{[%clk 0:01:08]} Qe6 {[%clk 0:35:40]} 0-1

[Event "v4camp2016"]
[Site "?"]
[Date "2016.06.23"]
[Round "4.9"]
[White "Durica, Adam"]
[Black "Suchomelova, Simona"]
[Result "1/2-1/2"]
[BlackElo "1833"]
[WhiteElo "1761"]
[LiveChessVersion "1.4.8"]

1. Nf3 {[%clk 1:30:58]} Nf6 {[%clk 1:30:35]} 2. g3 {[%clk 1:31:21]} e6
{[%clk 1:30:18]} 3. Bg2 {[%clk 1:31:19]} d5 {[%clk 1:30:12]} 4. O-O
{[%clk 1:31:36]} c5 {[%clk 1:28:50]} 5. d4 {[%clk 1:30:40]} Nc6 {[%clk 1:27:45]}
6. b3 {[%clk 1:28:55]} Be7 {[%clk 1:24:33]} 7. Bb2 {[%clk 1:29:10]} O-O
{[%clk 1:24:40]} 8. e3 {[%clk 1:27:39]} b6 {[%clk 1:18:35]} 9. Nbd2
{[%clk 1:25:45]} Bb7 {[%clk 1:18:14]} 10. h4 {[%clk 1:25:32]} Qc7
{[%clk 1:15:47]} 11. a3 {[%clk 1:23:09]} Rac8 {[%clk 1:14:37]} 12. Rc1
{[%clk 1:23:30]} Qb8 {[%clk 1:14:24]} 13. Nh2 {[%clk 1:23:22]} e5
{[%clk 1:06:11]} 14. dxe5 {[%clk 1:21:21]} Nxe5 {[%clk 1:06:03]} 15. f4
{[%clk 1:21:45]} Ned7 {[%clk 1:00:07]} 16. g4 {[%clk 1:20:38]} Rcd8
{[%clk 0:57:05]} 17. h5 {[%clk 1:18:04]} Ne4 {[%clk 0:55:28]} 18. Nxe4
{[%clk 1:16:46]} dxe4 {[%clk 0:55:03]} 19. g5 {[%clk 1:17:01]} f5
{[%clk 0:44:53]} 20. Qe2 {[%clk 1:16:48]} Bd5 {[%clk 0:41:48]} 21. c4
{[%clk 1:11:42]} Be6 {[%clk 0:38:57]} 22. Qe1 {[%clk 1:11:44]} Kf7
{[%clk 0:25:32]} 23. g6+ {[%clk 1:11:16]} hxg6 {[%clk 0:22:57]} 24. hxg6+
{[%clk 1:08:15]} Ke8 {[%clk 0:22:36]} 25. Bxg7 {[%clk 1:05:50]} Rg8
{[%clk 0:22:55]} 26. Qc3 {[%clk 1:06:13]} Bf8 {[%clk 0:18:36]} 27. Bf6
{[%clk 1:05:01]} Be7 {[%clk 0:17:57]} 28. Bg7 {[%clk 0:57:51]} Bf8
{[%clk 0:16:46]} 1/2-1/2